Movies Quiz

Random Movies or Quote Quiz

Follow That Line: The Hitchhiker's Guide... Quiz Stats

 Plays Quiz not verified by Sporcle

Challenge
Share
Tweet
Embed
Score 0/27 Timer 15:00
0 Plays Today
% Correct
All the buildings are gray.
94.7%
He shares three of the same mothers as me.
94%
Send the handkerchief, O Blessed One, that we may be wiped clean.
93.2%
None at all.
93.2%
I assumed you were drunk.
91.1%
Avoid, if at all possible.
89.1%
Thankfully it was destroyed when the earth was.
88.7%
You want to see my spaceship?
88.2%
It said 'Don't'.
87.9%
This made a lot of people angry and has widely been considered as a bad move.
87.7%
If you don't mind, I'm gonna go ahead and take evasive action.
87.4%
No, that's perfectly normal paranoia. Everyone in the universe gets that.
87.2%
I know how to queue.
86.8%
If you like.
86.5%
% Correct
Oh. No, I don't think men had much to do with it.
86.4%
I did?
85.7%
No. I've been watching the TV.
85%
It hates me.
84.7%
Not actually evil, but bad-tempered, bureaucratic, officious, and callous.
84.4%
That new club on Dean Street?
84.4%
Oh, yeah, apparently you can't be president with a whole brain.
84.2%
I know how you feel.
84.2%
It may disturb you. It scares the willies out of me.
84%
That was one of mine - I got an award for it.
80.2%
I know. Wretched, isn't it?
78.8%
Yes. Would you like a hug?
73.8%
So long, so long, and thanks for all the fish!
66.1%

You're not logged in!

Compare scores with friends on all Sporcle quizzes.
Join for Free
OR
Log In

You Might Also Like...

Show Comments

Extras

Top Quizzes Today


Score Distribution

Your Account Isn't Verified!

In order to create a playlist on Sporcle, you need to verify the email address you used during registration. Go to your Sporcle Settings to finish the process.

Report this User

Report this user for behavior that violates our Community Guidelines.

Details: